[Event "Blitz Nancy 2018"]
[Site "Nancy"]
[Date "2018.03.03"]
[Round "8.4"]
[White "LE ROUX, Jean-Pierre"]
[Black "BELLAHCENE, Bilel"]
[Result "0-1"]
[BlackElo "2447"]
[WhiteElo "2617"]
[LiveChessVersion "1.4.8"]

1. Nf3 {[%clk 0:04:03]} d5 {[%clk 0:04:03]} 2. g3 {[%clk 0:04:03]} Nc6
{[%clk 0:04:04]} 3. Bg2 {[%clk 0:04:01]} e5 {[%clk 0:04:04]} 4. d3
{[%clk 0:04:02]} Bg4 {[%clk 0:03:49]} 5. h3 {[%clk 0:03:51]} Bf5 {[%clk 0:03:40]}
6. Nc3 {[%clk 0:03:28]} d4 {[%clk 0:03:31]} 7. Nb5 {[%clk 0:03:10]} Qd7
{[%clk 0:03:12]} 8. c3 {[%clk 0:02:52]} Nf6 {[%clk 0:02:55]} 9. cxd4
{[%clk 0:02:30]} exd4 {[%clk 0:02:55]} 10. g4 {[%clk 0:01:34]} Be6
{[%clk 0:02:56]} 11. Bf4 {[%clk 0:01:29]} Bb4+ {[%clk 0:02:50]} 12. Nd2
{[%clk 0:01:24]} Rc8 {[%clk 0:02:28]} 13. Rc1 {[%clk 0:01:12]} a6
{[%clk 0:02:26]} 14. Bxc6 {[%clk 0:00:59]} bxc6 {[%clk 0:02:27]} 15. Na7
{[%clk 0:01:00]} Bd5 {[%clk 0:02:16]} 16. Nxc8 {[%clk 0:00:31]} Bxh1
{[%clk 0:02:17]} 17. Na7 {[%clk 0:00:29]} O-O {[%clk 0:01:27]} 18. Qa4
{[%clk 0:00:30]} Bd6 {[%clk 0:01:11]} 19. Qxd4 {[%clk 0:00:28]} Bg2
{[%clk 0:00:53]} 20. Nf3 {[%clk 0:00:20]} Bxf3 {[%clk 0:00:48]} 21. exf3 c5 22.
Qc4 {[%clk 0:00:18]} Ra8 {[%clk 0:00:42]} 23. b4 {[%clk 0:00:10]} Rxa7
{[%clk 0:00:40]} 24. bxc5 {[%clk 0:00:10]} Bxf4 {[%clk 0:00:39]} 25. Qxf4 Nd5 26.
c6 {[%clk 0:00:05]} Qe6+ {[%clk 0:00:40]} 27. Qe4 {[%clk 0:00:06]} Ra8
{[%clk 0:00:40]} 28. Qxe6 {[%clk 0:00:05]} fxe6 {[%clk 0:00:42]} 29. Rb1
{[%clk 0:00:06]} Nb6 {[%clk 0:00:43]} 30. Kd2 {[%clk 0:00:07]} Rd8
{[%clk 0:00:44]} 31. Rc1 {[%clk 0:00:07]} Rd5 {[%clk 0:00:45]} 32. f4
{[%clk 0:00:06]} Kf7 {[%clk 0:00:46]} 33. Ke3 {[%clk 0:00:07]} Ke7
{[%clk 0:00:48]} 34. Rc3 {[%clk 0:00:08]} Kd6 {[%clk 0:00:49]} 35. Ra3
{[%clk 0:00:09]} a5 {[%clk 0:00:51]} 36. Rc3 {[%clk 0:00:10]} Rc5
{[%clk 0:00:52]} 37. Rb3 {[%clk 0:00:11]} a4 {[%clk 0:00:53]} 38. Rb1
{[%clk 0:00:11]} Kxc6 {[%clk 0:00:53]} 39. Kd4 {[%clk 0:00:12]} Kd6
{[%clk 0:00:52]} 40. Re1 {[%clk 0:00:12]} Rc2 {[%clk 0:00:51]} 41. f5
{[%clk 0:00:12]} exf5 {[%clk 0:00:52]} 42. gxf5 {[%clk 0:00:13]} Rxf2
{[%clk 0:00:53]} 43. Re6+ {[%clk 0:00:13]} Kd7 {[%clk 0:00:54]} 44. Re5
{[%clk 0:00:08]} Rxa2 45. Re4 {[%clk 0:00:08]} Rf2 {[%clk 0:00:53]} 46. Rg4
{[%clk 0:00:09]} Rxf5 {[%clk 0:00:51]} 47. Rxg7+ Kc6 48. Rxh7 {[%clk 0:00:11]} a3
{[%clk 0:00:53]} 49. Kc3 {[%clk 0:00:10]} Rf2 {[%clk 0:00:52]} 50. Rh5
{[%clk 0:00:07]} Nd5+ {[%clk 0:00:50]} 51. Kd4 0-1

[Event "Blitz Nancy 2018"]
[Site "Nancy"]
[Date "2018.03.03"]
[Round "9.1"]
[White "VAN FOREEST, Lucas"]
[Black "DONCHENKO, Alexander"]
[Result "0-1"]
[BlackElo "2547"]
[WhiteElo "2423"]
[LiveChessVersion "1.4.8"]

1. e4 {[%clk 0:04:03]} c6 {[%clk 0:04:03]} 2. d4 {[%clk 0:04:05]} d5
{[%clk 0:04:04]} 3. e5 {[%clk 0:04:06]} Bf5 {[%clk 0:04:06]} 4. Nf3
{[%clk 0:04:06]} e6 {[%clk 0:04:07]} 5. Be2 {[%clk 0:04:08]} Ne7 {[%clk 0:04:08]}
6. c3 {[%clk 0:04:07]} h6 {[%clk 0:04:08]} 7. O-O {[%clk 0:04:07]} Nd7
{[%clk 0:04:09]} 8. Nbd2 {[%clk 0:04:07]} a5 {[%clk 0:04:10]} 9. a4
{[%clk 0:04:06]} Bh7 {[%clk 0:04:11]} 10. Nb3 {[%clk 0:04:03]} Nf5
{[%clk 0:04:02]} 11. g4 {[%clk 0:04:04]} Ne7 {[%clk 0:03:58]} 12. Ne1
{[%clk 0:03:56]} h5 {[%clk 0:03:56]} 13. h3 {[%clk 0:03:48]} hxg4
{[%clk 0:03:52]} 14. hxg4 {[%clk 0:03:46]} Ng6 {[%clk 0:03:06]} 15. f4
{[%clk 0:03:33]} Nh4 {[%clk 0:03:06]} 16. Be3 {[%clk 0:03:11]} Be4
{[%clk 0:02:49]} 17. Nd2 {[%clk 0:02:41]} Nf5 {[%clk 0:02:50]} 18. Nxe4
{[%clk 0:01:30]} Nxe3 {[%clk 0:02:49]} 19. Qd3 {[%clk 0:01:13]} Qh4
{[%clk 0:02:33]} 20. Nf3 {[%clk 0:00:28]} dxe4 {[%clk 0:02:28]} 21. Rf2
{[%clk 0:00:20]} Qh1# 0-1

[Event "Blitz Nancy 2018"]
[Site "Nancy"]
[Date "2018.03.03"]
[Round "9.2"]
[White "BELLAHCENE, Bilel"]
[Black "BOK, Benjamin"]
[Result "0-1"]
[BlackElo "2579"]
[WhiteElo "2447"]
[LiveChessVersion "1.4.8"]

1. e4 {[%clk 0:04:02]} e5 {[%clk 0:04:03]} 2. Qh5 {[%clk 0:04:03]} Nc6
{[%clk 0:04:04]} 3. Bc4 {[%clk 0:04:04]} g6 {[%clk 0:04:02]} 4. Qf3
{[%clk 0:04:05]} f5 {[%clk 0:03:31]} 5. d3 {[%clk 0:04:00]} Nf6 {[%clk 0:03:10]}
6. Ne2 {[%clk 0:04:01]} Bg7 {[%clk 0:03:03]} 7. Bg5 {[%clk 0:03:44]} d6
{[%clk 0:02:51]} 8. Nbc3 {[%clk 0:03:45]} h6 {[%clk 0:02:42]} 9. Bxf6
{[%clk 0:03:33]} Bxf6 {[%clk 0:02:42]} 10. exf5 {[%clk 0:02:50]} Bxf5
{[%clk 0:02:38]} 11. g4 {[%clk 0:02:39]} Bd7 {[%clk 0:02:26]} 12. Nd5
{[%clk 0:02:10]} Rf8 {[%clk 0:02:23]} 13. Qe4 {[%clk 0:02:10]} Ne7
{[%clk 0:02:08]} 14. Nxe7 Kxe7 {[%clk 0:01:45]} 15. Qxg6 {[%clk 0:01:58]} Qe8
{[%clk 0:01:10]} 16. Qxh6 {[%clk 0:01:53]} Rh8 {[%clk 0:00:44]} 17. Qe3
{[%clk 0:01:54]} Kd8 {[%clk 0:00:35]} 18. O-O-O {[%clk 0:01:41]} Bxg4
{[%clk 0:00:34]} 19. Kb1 {[%clk 0:01:36]} c6 {[%clk 0:00:17]} 20. Bb3
{[%clk 0:01:31]} Kc7 {[%clk 0:00:16]} 21. Ng3 {[%clk 0:01:29]} Bxd1
{[%clk 0:00:16]} 22. Rxd1 {[%clk 0:01:29]} Rxh2 {[%clk 0:00:16]} 23. Ne4
{[%clk 0:01:29]} Be7 {[%clk 0:00:16]} 24. d4 {[%clk 0:01:30]} Qh5
{[%clk 0:00:16]} 25. Qe1 {[%clk 0:01:21]} Rh8 {[%clk 0:00:12]} 26. Ng3
{[%clk 0:01:21]} Qg5 {[%clk 0:00:09]} 27. a3 {[%clk 0:01:02]} Kb8
{[%clk 0:00:10]} 28. Ne4 {[%clk 0:00:58]} Qf4 {[%clk 0:00:10]} 29. Ng3
{[%clk 0:00:27]} Qxf2 {[%clk 0:00:10]} 30. Qc3 {[%clk 0:00:29]} R2h3
{[%clk 0:00:07]} 31. Rd3 {[%clk 0:00:30]} exd4 {[%clk 0:00:06]} 32. Qc4
{[%clk 0:00:23]} Rxg3 {[%clk 0:00:07]} 33. Rxd4 {[%clk 0:00:23]} Rg1+
{[%clk 0:00:07]} 34. Ka2 {[%clk 0:00:24]} Qf1 {[%clk 0:00:08]} 0-1

[Event "Blitz Nancy 2018"]
[Site "Nancy"]
[Date "2018.03.03"]
[Round "9.3"]
[White "GULIYEV, Namig"]
[Black "KUNIN, Vitaly"]
[Result "1/2-1/2"]
[BlackElo "2500"]
[WhiteElo "2526"]
[LiveChessVersion "1.4.8"]

1. e4 {[%clk 0:04:02]} d6 {[%clk 0:04:02]} 2. d4 {[%clk 0:04:03]} Nf6
{[%clk 0:04:02]} 3. Nc3 {[%clk 0:04:04]} Nbd7 {[%clk 0:04:03]} 4. Nf3
{[%clk 0:04:05]} e5 {[%clk 0:04:03]} 5. Bc4 {[%clk 0:04:06]} Be7 {[%clk 0:04:04]}
6. O-O {[%clk 0:04:07]} O-O {[%clk 0:04:04]} 7. Re1 {[%clk 0:04:08]} c6
{[%clk 0:04:05]} 8. a4 {[%clk 0:04:09]} exd4 {[%clk 0:04:05]} 9. Nxd4
{[%clk 0:04:06]} Ne5 {[%clk 0:04:06]} 10. Bb3 {[%clk 0:03:58]} Re8
{[%clk 0:04:06]} 11. h3 {[%clk 0:03:57]} Bd7 {[%clk 0:04:06]} 12. Bf4
{[%clk 0:03:53]} a5 {[%clk 0:04:00]} 13. Nf3 {[%clk 0:03:49]} Bf8
{[%clk 0:03:44]} 14. Nxe5 {[%clk 0:03:25]} dxe5 {[%clk 0:03:44]} 15. Be3
{[%clk 0:03:26]} Bb4 {[%clk 0:03:35]} 16. Qf3 {[%clk 0:03:26]} Be6
{[%clk 0:03:30]} 17. Red1 {[%clk 0:03:26]} Qe7 {[%clk 0:03:30]} 18. Bxe6
{[%clk 0:03:22]} Qxe6 {[%clk 0:03:30]} 19. Ne2 {[%clk 0:03:23]} Qc4
{[%clk 0:02:35]} 20. c3 {[%clk 0:03:24]} Bf8 {[%clk 0:02:24]} 21. Ng3
{[%clk 0:03:23]} Qb3 {[%clk 0:02:14]} 22. Bg5 {[%clk 0:03:11]} Re6
{[%clk 0:01:58]} 23. Qe2 {[%clk 0:02:57]} Ne8 {[%clk 0:01:44]} 24. Nf5
{[%clk 0:02:44]} Nd6 {[%clk 0:01:37]} 25. Nxd6 {[%clk 0:02:23]} Rxd6
{[%clk 0:01:37]} 26. Rxd6 {[%clk 0:02:10]} Bxd6 {[%clk 0:01:37]} 27. Qd1
{[%clk 0:02:09]} Qe6 {[%clk 0:01:36]} 28. Qc2 {[%clk 0:02:02]} f6
{[%clk 0:01:37]} 29. Be3 {[%clk 0:02:02]} Bc7 {[%clk 0:01:36]} 30. Rd1
{[%clk 0:01:55]} Rd8 {[%clk 0:01:36]} 31. Rxd8+ {[%clk 0:01:50]} Bxd8
{[%clk 0:01:37]} 32. Qd3 {[%clk 0:01:45]} Bc7 {[%clk 0:01:37]} 33. c4
{[%clk 0:01:42]} Kf7 {[%clk 0:01:31]} 34. Kf1 {[%clk 0:01:31]} Ke8
{[%clk 0:01:26]} 35. Ke2 {[%clk 0:01:29]} Qd7 {[%clk 0:01:23]} 36. Qb3
{[%clk 0:01:21]} Bd8 {[%clk 0:01:18]} 37. c5 {[%clk 0:01:19]} Qf7
{[%clk 0:01:13]} 38. Qxf7+ {[%clk 0:01:19]} Kxf7 {[%clk 0:01:13]} 39. g4
{[%clk 0:01:18]} g6 {[%clk 0:01:11]} 40. f3 {[%clk 0:01:16]} Ke6 {[%clk 0:01:00]}
41. Kd3 {[%clk 0:01:16]} Kd7 {[%clk 0:00:55]} 42. Kc4 {[%clk 0:01:15]} g5
{[%clk 0:00:49]} 43. Bf2 {[%clk 0:01:15]} Kc8 {[%clk 0:00:47]} 44. h4
{[%clk 0:01:16]} h6 {[%clk 0:00:48]} 45. h5 {[%clk 0:01:16]} Kd7 {[%clk 0:00:49]}
46. Be1 {[%clk 0:01:17]} Bc7 {[%clk 0:00:49]} 47. Bc3 {[%clk 0:01:16]} Bd8
{[%clk 0:00:50]} 48. b4 {[%clk 0:01:16]} axb4 {[%clk 0:00:44]} 49. Bxb4
{[%clk 0:01:16]} Bc7 {[%clk 0:00:43]} 50. Kb3 {[%clk 0:01:15]} Bd8
{[%clk 0:00:39]} 51. a5 {[%clk 0:01:13]} Kc8 {[%clk 0:00:40]} 52. Ka4
{[%clk 0:01:14]} Kb8 {[%clk 0:00:40]} 53. Bc3 {[%clk 0:01:14]} 1/2-1/2

[Event "Blitz Nancy 2018"]
[Site "Nancy"]
[Date "2018.03.03"]
[Round "9.4"]
[White "SCHCHEKACHEV, Andrei"]
[Black "FLICK, Antoine"]
[Result "1-0"]
[BlackElo "2285"]
[WhiteElo "2522"]
[LiveChessVersion "1.4.8"]

1. Nf3 {[%clk 0:04:03]} d5 {[%clk 0:04:01]} 2. d4 {[%clk 0:04:02]} Nf6
{[%clk 0:04:01]} 3. c4 {[%clk 0:04:03]} c6 {[%clk 0:04:02]} 4. Nc3
{[%clk 0:04:04]} dxc4 {[%clk 0:04:03]} 5. a4 {[%clk 0:04:05]} Bf5
{[%clk 0:04:04]} 6. e3 {[%clk 0:04:06]} e6 {[%clk 0:04:05]} 7. Bxc4
{[%clk 0:04:07]} Bb4 {[%clk 0:04:06]} 8. O-O {[%clk 0:04:06]} Nbd7
{[%clk 0:04:07]} 9. Qe2 {[%clk 0:04:07]} Bg6 {[%clk 0:04:08]} 10. e4
{[%clk 0:04:08]} O-O {[%clk 0:04:06]} 11. Bd3 {[%clk 0:04:09]} Bh5
{[%clk 0:04:07]} 12. e5 {[%clk 0:04:09]} Nd5 {[%clk 0:04:08]} 13. Nxd5
{[%clk 0:04:09]} cxd5 {[%clk 0:04:10]} 14. Qe3 {[%clk 0:04:10]} Re8
{[%clk 0:04:09]} 15. Bd2 {[%clk 0:04:08]} Qa5 {[%clk 0:04:07]} 16. Qe1
{[%clk 0:04:08]} Bxd2 {[%clk 0:04:00]} 17. Qxd2 {[%clk 0:04:08]} Qd8
{[%clk 0:03:32]} 18. Ng5 {[%clk 0:03:51]} Bg6 {[%clk 0:03:16]} 19. Bxg6
{[%clk 0:03:49]} fxg6 {[%clk 0:03:17]} 20. f4 {[%clk 0:03:16]} h6
{[%clk 0:03:04]} 21. Nf3 {[%clk 0:03:15]} Rc8 {[%clk 0:03:00]} 22. Qd3
{[%clk 0:03:04]} Nf8 {[%clk 0:02:54]} 23. a5 {[%clk 0:02:40]} a6 {[%clk 0:02:49]}
24. Ra3 {[%clk 0:02:32]} Re7 {[%clk 0:02:41]} 25. Nd2 {[%clk 0:01:45]} Rec7
{[%clk 0:02:28]} 26. Nb3 {[%clk 0:01:43]} Qe7 {[%clk 0:01:28]} 27. Nc5
{[%clk 0:01:41]} Rxc5 {[%clk 0:01:28]} 28. dxc5 {[%clk 0:01:42]} Rxc5
{[%clk 0:01:27]} 29. Rc3 {[%clk 0:01:25]} Rxa5 {[%clk 0:01:15]} 30. Qd4
{[%clk 0:01:03]} Rb5 {[%clk 0:01:11]} 31. Rc8 {[%clk 0:01:03]} Rb4
{[%clk 0:01:06]} 32. Qc3 {[%clk 0:00:58]} Re4 {[%clk 0:00:48]} 33. Rc7
{[%clk 0:00:48]} Qb4 {[%clk 0:00:47]} 34. Qxb4 {[%clk 0:00:44]} Rxb4
{[%clk 0:00:48]} 35. Rf2 {[%clk 0:00:46]} a5 {[%clk 0:00:42]} 36. g3
{[%clk 0:00:46]} a4 {[%clk 0:00:42]} 37. Re7 {[%clk 0:00:42]} b5 {[%clk 0:00:40]}
38. Rc2 {[%clk 0:00:43]} Rc4 {[%clk 0:00:38]} 39. Rxc4 {[%clk 0:00:44]} bxc4
{[%clk 0:00:39]} 40. Ra7 {[%clk 0:00:41]} g5 {[%clk 0:00:37]} 41. Kf2
{[%clk 0:00:39]} gxf4 {[%clk 0:00:35]} 42. gxf4 {[%clk 0:00:40]} Ng6
{[%clk 0:00:37]} 43. Kg3 {[%clk 0:00:39]} Kf8 {[%clk 0:00:35]} 44. Ra8+
{[%clk 0:00:39]} Kf7 {[%clk 0:00:36]} 45. Rxa4 {[%clk 0:00:40]} Ne7
{[%clk 0:00:37]} 46. Ra7 {[%clk 0:00:42]} Kf8 {[%clk 0:00:33]} 47. Kf3
{[%clk 0:00:33]} Ke8 {[%clk 0:00:31]} 48. Ra8+ {[%clk 0:00:28]} Kf7
{[%clk 0:00:32]} 49. Ke3 {[%clk 0:00:27]} Nf5+ {[%clk 0:00:30]} 50. Kd2
{[%clk 0:00:28]} g5 {[%clk 0:00:31]} 51. fxg5 {[%clk 0:00:24]} hxg5
{[%clk 0:00:32]} 52. h3 {[%clk 0:00:23]} Nh4 {[%clk 0:00:28]} 53. Ke3
{[%clk 0:00:22]} Ng6 {[%clk 0:00:20]} 54. Ra7+ {[%clk 0:00:22]} Kf8
{[%clk 0:00:18]} 55. Kd4 {[%clk 0:00:20]} Nf4 {[%clk 0:00:16]} 56. Ra3
{[%clk 0:00:09]} Ke7 {[%clk 0:00:09]} 57. Ke3 {[%clk 0:00:05]} Ng6
{[%clk 0:00:08]} 58. Kd4 {[%clk 0:00:05]} Nf4 {[%clk 0:00:09]} 59. Rf3
{[%clk 0:00:06]} Kd7 {[%clk 0:00:07]} 60. h4 {[%clk 0:00:04]} Ne2+
{[%clk 0:00:03]} 61. Ke3 {[%clk 0:00:05]} 1-0

[Event "Blitz Nancy 2018"]
[Site "Nancy"]
[Date "2018.03.03"]
[Round "10.1"]
[White "BOK, Benjamin"]
[Black "DONCHENKO, Alexander"]
[Result "1-0"]
[BlackElo "2547"]
[WhiteElo "2579"]
[LiveChessVersion "1.4.8"]

1. e4 {[%clk 0:04:02]} c6 {[%clk 0:04:04]} 2. d4 {[%clk 0:04:03]} d5
{[%clk 0:04:05]} 3. e5 {[%clk 0:04:04]} Bf5 {[%clk 0:04:06]} 4. Nf3
{[%clk 0:04:06]} e6 {[%clk 0:04:07]} 5. Be2 {[%clk 0:04:07]} Ne7 {[%clk 0:04:08]}
6. O-O {[%clk 0:04:07]} h6 {[%clk 0:04:09]} 7. Nbd2 {[%clk 0:04:07]} Nd7
{[%clk 0:04:10]} 8. c3 {[%clk 0:04:07]} a5 {[%clk 0:04:11]} 9. a4
{[%clk 0:03:56]} Bh7 {[%clk 0:04:12]} 10. Nb3 {[%clk 0:03:33]} Nf5
{[%clk 0:04:12]} 11. Bd3 {[%clk 0:03:29]} Bg6 {[%clk 0:03:44]} 12. Qc2
{[%clk 0:03:20]} Be7 {[%clk 0:03:41]} 13. g4 {[%clk 0:03:06]} Nh4
{[%clk 0:03:41]} 14. Nxh4 {[%clk 0:03:07]} Bxd3 {[%clk 0:03:42]} 15. Qxd3
{[%clk 0:03:08]} Bxh4 {[%clk 0:03:43]} 16. f4 {[%clk 0:03:07]} Qb6
{[%clk 0:03:19]} 17. Nd2 {[%clk 0:02:54]} Be7 {[%clk 0:02:57]} 18. Nf3
{[%clk 0:02:48]} c5 {[%clk 0:02:50]} 19. f5 {[%clk 0:02:40]} cxd4
{[%clk 0:02:51]} 20. cxd4 {[%clk 0:02:40]} O-O-O {[%clk 0:02:25]} 21. Bd2
{[%clk 0:02:17]} Nb8 {[%clk 0:01:57]} 22. Rac1+ {[%clk 0:01:37]} Kd7
{[%clk 0:01:55]} 23. Qb5+ {[%clk 0:00:58]} Qxb5 {[%clk 0:01:55]} 24. axb5
{[%clk 0:00:59]} b6 {[%clk 0:01:49]} 25. Ne1 {[%clk 0:00:54]} Rc8
{[%clk 0:01:44]} 26. Nd3 {[%clk 0:00:53]} Rxc1 {[%clk 0:01:39]} 27. Rxc1
{[%clk 0:00:54]} h5 {[%clk 0:01:35]} 28. fxe6+ {[%clk 0:00:46]} fxe6
{[%clk 0:01:36]} 29. g5 {[%clk 0:00:34]} h4 {[%clk 0:01:33]} 30. Kf2
{[%clk 0:00:30]} Rf8+ {[%clk 0:01:33]} 31. Ke2 {[%clk 0:00:31]} Rh8
{[%clk 0:01:21]} 32. Rf1 {[%clk 0:00:24]} Ke8 {[%clk 0:01:21]} 33. Nf4
{[%clk 0:00:23]} Bxg5 {[%clk 0:00:58]} 34. Nxe6 {[%clk 0:00:13]} Bxd2
{[%clk 0:00:58]} 35. Kxd2 {[%clk 0:00:15]} Ke7 {[%clk 0:00:44]} 36. Nxg7
{[%clk 0:00:12]} Nd7 {[%clk 0:00:42]} 37. Nf5+ {[%clk 0:00:12]} Ke6
{[%clk 0:00:44]} 38. Ne3 {[%clk 0:00:11]} a4 {[%clk 0:00:34]} 39. Rg1
{[%clk 0:00:11]} Nf8 {[%clk 0:00:30]} 40. Rc1 {[%clk 0:00:12]} Rg8
{[%clk 0:00:27]} 41. Rc6+ {[%clk 0:00:12]} Kd7 {[%clk 0:00:28]} 42. Rxb6
{[%clk 0:00:12]} Ne6 {[%clk 0:00:28]} 43. Rd6+ {[%clk 0:00:09]} Ke7
{[%clk 0:00:30]} 44. Nxd5+ Kf7 45. Rd7+ {[%clk 0:00:10]} Kf8 {[%clk 0:00:31]} 46.
b6 {[%clk 0:00:06]} Rg2+ {[%clk 0:00:30]} 47. Kc3 {[%clk 0:00:07]} Rxh2
{[%clk 0:00:25]} 48. b7 {[%clk 0:00:04]} Rh3+ {[%clk 0:00:26]} 49. Kc4
{[%clk 0:00:04]} Rb3 {[%clk 0:00:27]} 50. Nb4 {[%clk 0:00:05]} Ke8
{[%clk 0:00:20]} 51. b8=Q+ {[%clk 0:00:05]} Kxd7 {[%clk 0:00:21]} 52. Qd6+
{[%clk 0:00:07]} 1-0

[Event "Blitz Nancy 2018"]
[Site "Nancy"]
[Date "2018.03.03"]
[Round "10.2"]
[White "KUNIN, Vitaly"]
[Black "SCHCHEKACHEV, Andrei"]
[Result "0-1"]
[BlackElo "2522"]
[WhiteElo "2500"]
[LiveChessVersion "1.4.8"]

1. d4 {[%clk 0:04:00]} Nf6 {[%clk 0:04:03]} 2. c4 {[%clk 0:04:00]} e6
{[%clk 0:04:04]} 3. Nf3 {[%clk 0:04:00]} Bb4+ {[%clk 0:04:05]} 4. Nbd2
{[%clk 0:03:59]} O-O {[%clk 0:04:05]} 5. a3 {[%clk 0:04:00]} Be7 {[%clk 0:04:04]}
6. e4 {[%clk 0:03:58]} d6 {[%clk 0:04:05]} 7. Be2 {[%clk 0:03:39]} c5
{[%clk 0:03:55]} 8. O-O {[%clk 0:03:23]} cxd4 {[%clk 0:03:42]} 9. Nxd4
{[%clk 0:03:23]} Nbd7 {[%clk 0:03:44]} 10. b4 {[%clk 0:03:14]} Re8
{[%clk 0:03:45]} 11. Bb2 {[%clk 0:03:14]} Bf8 {[%clk 0:03:46]} 12. N4b3
{[%clk 0:03:00]} b6 {[%clk 0:03:41]} 13. Re1 {[%clk 0:02:40]} Bb7
{[%clk 0:03:42]} 14. Bf1 {[%clk 0:02:41]} Rc8 {[%clk 0:03:40]} 15. h3
{[%clk 0:02:24]} Qc7 {[%clk 0:03:39]} 16. Rc1 {[%clk 0:02:16]} Qb8
{[%clk 0:03:38]} 17. Bd3 {[%clk 0:02:04]} g6 {[%clk 0:03:27]} 18. Qc2
{[%clk 0:01:21]} Nh5 {[%clk 0:03:21]} 19. Qb1 {[%clk 0:01:19]} Nf4
{[%clk 0:03:17]} 20. Bf1 {[%clk 0:01:20]} e5 {[%clk 0:03:06]} 21. g3
{[%clk 0:01:17]} Ne6 {[%clk 0:03:06]} 22. Bg2 {[%clk 0:01:16]} h5
{[%clk 0:03:03]} 23. h4 {[%clk 0:01:15]} Nf6 {[%clk 0:02:51]} 24. Qa1
{[%clk 0:01:08]} Qc7 {[%clk 0:02:42]} 25. Bh3 {[%clk 0:00:54]} Nd7
{[%clk 0:02:17]} 26. Nf1 {[%clk 0:00:40]} Bh6 {[%clk 0:02:15]} 27. Rc2
{[%clk 0:00:35]} Qd8 {[%clk 0:02:09]} 28. Qd1 {[%clk 0:00:30]} Qe7
{[%clk 0:02:07]} 29. Bg2 {[%clk 0:00:31]} Nf6 {[%clk 0:01:58]} 30. Qd3
{[%clk 0:00:31]} Ba6 {[%clk 0:01:45]} 31. Ne3 {[%clk 0:00:25]} Bxe3
{[%clk 0:01:42]} 32. Rxe3 {[%clk 0:00:24]} Rc7 {[%clk 0:01:33]} 33. b5
{[%clk 0:00:18]} Bb7 {[%clk 0:01:33]} 34. Rd2 {[%clk 0:00:19]} Rd8
{[%clk 0:01:09]} 35. Re1 {[%clk 0:00:19]} Bc8 {[%clk 0:00:58]} 36. a4
{[%clk 0:00:20]} Rcd7 {[%clk 0:00:45]} 37. Qc2 {[%clk 0:00:21]} Nc5
{[%clk 0:00:44]} 38. Nc1 {[%clk 0:00:19]} Rc7 {[%clk 0:00:42]} 39. Qd1
{[%clk 0:00:16]} Be6 {[%clk 0:00:40]} 40. Qe2 {[%clk 0:00:05]} Nxa4
{[%clk 0:00:38]} 41. Ba3 {[%clk 0:00:05]} Bxc4 {[%clk 0:00:37]} 42. Qe3
{[%clk 0:00:06]} Ng4 {[%clk 0:00:24]} 43. Qf3 {[%clk 0:00:05]} Be6
{[%clk 0:00:23]} 44. Qd1 {[%clk 0:00:04]} Nc3 {[%clk 0:00:23]} 45. Qf3
{[%clk 0:00:05]} Nxb5 {[%clk 0:00:23]} 46. Bb4 {[%clk 0:00:06]} a5
{[%clk 0:00:23]} 47. Bf1 {[%clk 0:00:07]} Nd4 {[%clk 0:00:21]} 48. Rxd4
{[%clk 0:00:07]} exd4 {[%clk 0:00:22]} 49. Bd2 {[%clk 0:00:08]} Ne5
{[%clk 0:00:20]} 50. Qe2 {[%clk 0:00:09]} Bg4 {[%clk 0:00:21]} 51. Qb5
{[%clk 0:00:08]} Nf3+ {[%clk 0:00:22]} 52. Kh1 {[%clk 0:00:09]} Nxd2
{[%clk 0:00:21]} 53. Bg2 {[%clk 0:00:10]} Nf3 {[%clk 0:00:22]} 54. Rf1
{[%clk 0:00:10]} Rdc8 {[%clk 0:00:19]} 55. Nd3 {[%clk 0:00:10]} Ne5
{[%clk 0:00:11]} 56. Nf4 {[%clk 0:00:11]} Be6 {[%clk 0:00:11]} 57. Qxb6
{[%clk 0:00:11]} a4 {[%clk 0:00:11]} 58. Qxd4 {[%clk 0:00:11]} a3
{[%clk 0:00:11]} 59. Ne2 {[%clk 0:00:09]} a2 {[%clk 0:00:11]} 60. f4
{[%clk 0:00:10]} Ng4 {[%clk 0:00:11]} 61. f5 {[%clk 0:00:11]} Bc4
{[%clk 0:00:11]} 62. fxg6 {[%clk 0:00:11]} fxg6 {[%clk 0:00:12]} 63. Bf3
{[%clk 0:00:10]} Bxe2 {[%clk 0:00:12]} 64. Bxe2 {[%clk 0:00:11]} Rc1
{[%clk 0:00:11]} 65. Qd5+ {[%clk 0:00:12]} Kg7 {[%clk 0:00:10]} 66. Qxa2
{[%clk 0:00:13]} Rxf1+ {[%clk 0:00:09]} 67. Bxf1 {[%clk 0:00:13]} Qxe4+
{[%clk 0:00:10]} 68. Kg1 {[%clk 0:00:11]} Qe3+ {[%clk 0:00:11]} 69. Kh1
{[%clk 0:00:12]} Qf3+ {[%clk 0:00:12]} 70. Kg1 {[%clk 0:00:12]} Qxg3+
{[%clk 0:00:13]} 0-1

[Event "Blitz Nancy 2018"]
[Site "Nancy"]
[Date "2018.03.03"]
[Round "10.3"]
[White "RAKOTOMAHARO, Fy Antenaina"]
[Black "GUREVICH, Mikhail"]
[Result "0-1"]
[BlackElo "2582"]
[WhiteElo "2136"]
[LiveChessVersion "1.4.8"]

1. d4 {[%clk 0:04:03]} d6 {[%clk 0:03:58]} 2. Nf3 {[%clk 0:03:59]} g6
{[%clk 0:03:58]} 3. c4 {[%clk 0:03:45]} f5 {[%clk 0:03:58]} 4. Nc3
{[%clk 0:03:42]} Nf6 {[%clk 0:03:58]} 5. g3 {[%clk 0:03:26]} Bg7 {[%clk 0:03:58]}
6. Bg2 {[%clk 0:03:27]} O-O {[%clk 0:03:58]} 7. O-O {[%clk 0:03:27]} Qe8
{[%clk 0:04:00]} 8. b3 {[%clk 0:03:20]} e5 {[%clk 0:03:59]} 9. Bb2
{[%clk 0:03:19]} e4 {[%clk 0:03:54]} 10. Ne1 {[%clk 0:03:20]} c6 {[%clk 0:03:51]}
11. Nc2 {[%clk 0:03:19]} d5 {[%clk 0:03:47]} 12. a4 {[%clk 0:03:13]} Be6
{[%clk 0:03:44]} 13. cxd5 {[%clk 0:03:01]} cxd5 {[%clk 0:03:25]} 14. Ba3
{[%clk 0:02:58]} Rf7 {[%clk 0:03:25]} 15. Rc1 {[%clk 0:02:19]} Nc6
{[%clk 0:02:31]} 16. Qd2 {[%clk 0:02:17]} Qd8 {[%clk 0:02:19]} 17. Rfd1
{[%clk 0:01:39]} h5 {[%clk 0:02:12]} 18. Nb5 {[%clk 0:01:14]} Rd7
{[%clk 0:01:46]} 19. Nb4 {[%clk 0:01:06]} Ne7 {[%clk 0:01:12]} 20. Qc2
{[%clk 0:00:51]} Ne8 {[%clk 0:01:09]} 21. h4 {[%clk 0:00:37]} a6 {[%clk 0:01:05]}
22. Nc3 {[%clk 0:00:37]} Nf6 {[%clk 0:00:58]} 23. Nba2 {[%clk 0:00:24]} Rc8
{[%clk 0:00:52]} 24. Qd2 {[%clk 0:00:23]} Nc6 {[%clk 0:00:42]} 25. e3
{[%clk 0:00:24]} Rdc7 {[%clk 0:00:34]} 26. Bf1 {[%clk 0:00:22]} Ng4
{[%clk 0:00:21]} 27. Ne2 {[%clk 0:00:18]} Bf7 {[%clk 0:00:19]} 28. Nf4
{[%clk 0:00:17]} Nb8 {[%clk 0:00:12]} 29. Rxc7 {[%clk 0:00:15]} Rxc7
{[%clk 0:00:12]} 30. Rc1 {[%clk 0:00:16]} Qc8 {[%clk 0:00:12]} 31. Bd6
{[%clk 0:00:12]} Rxc1 {[%clk 0:00:12]} 32. Nxc1 {[%clk 0:00:14]} Nc6
{[%clk 0:00:11]} 33. b4 {[%clk 0:00:15]} Qd8 {[%clk 0:00:11]} 34. Bc5
{[%clk 0:00:13]} b6 {[%clk 0:00:11]} 35. b5 {[%clk 0:00:15]} axb5
{[%clk 0:00:12]} 36. axb5 {[%clk 0:00:14]} bxc5 {[%clk 0:00:08]} 37. bxc6
{[%clk 0:00:15]} c4 {[%clk 0:00:09]} 38. Qb4 {[%clk 0:00:13]} Nf6
{[%clk 0:00:08]} 39. Na2 {[%clk 0:00:11]} Bf8 {[%clk 0:00:07]} 40. Qb5
{[%clk 0:00:11]} Bd6 {[%clk 0:00:08]} 41. Nc3 {[%clk 0:00:12]} Bxf4
{[%clk 0:00:07]} 42. exf4 {[%clk 0:00:12]} Ne8 {[%clk 0:00:07]} 43. Na4
{[%clk 0:00:13]} Nc7 {[%clk 0:00:08]} 44. Qb7 {[%clk 0:00:15]} Be8
{[%clk 0:00:09]} 45. Nc5 {[%clk 0:00:08]} Qd6 {[%clk 0:00:09]} 46. Qc8
{[%clk 0:00:09]} Qxc6 {[%clk 0:00:08]} 47. Na6 {[%clk 0:00:05]} Nxa6
{[%clk 0:00:09]} 48. Qd8 {[%clk 0:00:05]} Kf7 {[%clk 0:00:10]} 49. Qg5
{[%clk 0:00:06]} Nc7 {[%clk 0:00:10]} 50. Qh6 {[%clk 0:00:07]} Ne6
{[%clk 0:00:12]} 51. Qh7+ {[%clk 0:00:09]} Ng7 {[%clk 0:00:13]} 52. Qh6
{[%clk 0:00:09]} Qf6 {[%clk 0:00:14]} 53. Qh8 {[%clk 0:00:10]} Qxd4
{[%clk 0:00:15]} 54. Qh6 {[%clk 0:00:11]} c3 {[%clk 0:00:16]} 55. Ba6
{[%clk 0:00:11]} c2 {[%clk 0:00:18]} 0-1